000 00715nam a2200205Ia 4500
005 20260121110203.0
008 008 260114s9999 xx 000 0 hin d
020 _a9788132388432
037 _aEBOOK
040 _aCRL
_bhin
_cCRL
041 _ahin
_2hin
084 _qCRL
100 _aश्वेतांजलि बसु / Shwetanjali Basu
_9943098
245 0 _aविशिष्ट शिक्षा: एक विस्तृत परिचय / Vishisht Shiksha: Ek Vistaarit Parichay
260 _bभाषा प्रकाशन / Bhasha Prakashan
_c2023
856 _uhttps://bhashaprakashan.com/product-details/437711
942 _cEBOOK
999 _c1534763
_d1534763